| 000 | 00731nam a2200205Ia 4500 | ||
|---|---|---|---|
| 005 | 20260121110156.0 | ||
| 008 | 008 260114s9999 xx 000 0 hin d | ||
| 020 | _a9788132360926 | ||
| 037 | _aEBOOK | ||
| 040 |
_aCRL _bhin _cCRL |
||
| 041 |
_ahin _2hin |
||
| 084 | _qCRL | ||
| 100 |
_aजनेश सिंह / Janesh Singh _9942969 |
||
| 245 | 0 | _aभारत के मैदानी क्षेत्रा: जनजीवन एवं पर्यटन / Bharat ke Maidani Kshetra: Janjivan aur Paryatan | |
| 260 |
_bभाषा प्रकाशन / Bhasha Prakashan _c2021 |
||
| 856 | _uhttps://bhashaprakashan.com/product-details/379043 | ||
| 942 | _cEBOOK | ||
| 999 |
_c1534634 _d1534634 |
||